00661nam a2200181Ia 4500001001000000003000500010008004100015010001100056040000900067100002800076245014800104260004400252300000900296500008400305650001600389650004200405700003200447Para_7305CHAP220125s1986 xx 000 0 und d a206193 cCHAP aVázquez, M. Magdalena aNew species of xenyllodes (Collembola odontellidae) from Baja California Sur, México /c M. Magdalena Vázquez and José G. Palacios-Vargas aKansas :b Kansas Entomological Society a5 h. aSobretiro de: Journal of the Kansas Entomological Society, 1986, v. 59; 1, 1986 aArtropodos  aInsectos x anatomía y fisiología aPalaciosxVargas, José G.